| 000 | 00477 a2200169 4500 | ||
|---|---|---|---|
| 020 | _a0471447951 | ||
| 040 |
_aDLC _bDLC |
||
| 100 | 1 | _aDorf, Richard C. | |
| 245 | 1 | 0 |
_aIntroduction to electric circuits _cRichard C. Dorf, James A. Svoboda. |
| 246 | 3 | _aElectric circuits. | |
| 250 | _a6th ed. | ||
| 260 |
_aNew Delhi : _bWiley, _cc2004. |
||
| 300 |
_a809 p. : _bill. ; _c26 cm. |
||
| 650 | 0 | _aElectric circuits. | |
| 700 | 1 | _aSvoboda, James A. | |
| 942 |
_cBK _k621.31924 DOR _2ddc |
||
| 999 |
_c9530 _d9530 |
||